Structure and properties of amorphous polymers : proceedings of the Second Cleveland Symposium on Macromolecules, Cleveland, Ohio, 31 October-2 November 1978 /

Guardado en:
Autor Corporativo: Cleveland Symposium on Macromolecules
Otros Autores: Walton, Alan G., (Editor , ed.)
Formato: Libro
Idioma:English
Publicado: Amsterdam : Elsevier Scientific Pub. Co., 1980.
Series:Studies in physical and theoretical chemistry ; 10
Materias:
Etiquetas: Agregar Etiqueta
Sin Etiquetas, Sea el primero en etiquetar este registro!
LEADER 01043cam a22002535a 4500
001 EIQ.libpla001120
008 800520s1980####ne#a#####b####101#0#eng#d
005 20060807153848.0
245 1 0 |a Structure and properties of amorphous polymers :  |b proceedings of the Second Cleveland Symposium on Macromolecules, Cleveland, Ohio, 31 October-2 November 1978 /  |c edited by A. G. Walton. 
260 |a Amsterdam :  |b Elsevier Scientific Pub. Co.,  |c 1980. 
300 |a vii, 232 p. :  |b il. ;  |c 25 cm. 
440 0 |a Studies in physical and theoretical chemistry ;  |v 10 
504 |a Incluye referencias bibliográficas e índice. 
020 |a 0444419055 
111 2 |a Cleveland Symposium on Macromolecules  |n (2nd :  |d 1978) 
700 1 |a Walton, Alan G.,  |e ed.  |4 edt 
082 0 0 |a 547.8/4 
650 4 |a Polímeros  |x Congresos. 
650 4 |a Polímeros amorfos  |x Propiedades. 
650 0 |a Polymers  |x Congresses. 
650 0 |a Amorphous polymers  |x Propertiers. 
010 |a  80017207  
040 |a DLC  |c DLC  |d AR-BbSID 
859 |a AR-BbSID  |b BIB. PLAPIQUI  |h 547.84  |i C459  |p 1569